Classement Tournoi des 6 Nations 2025. - Statistiques

Statistiques générales
  • Ce quiz a été pris 57 fois
  • Le résultat moyen est 6 sur 6
Statistiques - réponses
Rang Points Points inscrits Nations % Correct
1 21 218 France
100%
2 20 179 Angleterre
96%
5 5 106 Italie
95%
6 3 76 Pays de Galles
95%
4 11 115 Écosse
95%
3 19 135 Irlande
95%
Aucun quiz correspondant
Distribution des résultats
% des personnes avec chaque résultat
Percentile par nombre de réponses
Votre historique - résultats
Vous n’avez pas pris ce quiz